Online
Catalog

La zoología / (Record no. 37968)

MARC details
000 -CABECERA
campo de control de longitud fija 00523nam a2200169 a 4500
001 - NÚMERO DE CONTROL
campo de control 000038478
005 - FECHA Y HORA DE LA ÚLTIMA TRANSACCIÓN
campo de control 20201002031255.0
008 - DATOS DE LONGITUD FIJA--INFORMACIÓN GENERAL
campo de control de longitud fija 130412s19uu dr a 000 0 spa d
040 ## - FUENTE DE LA CATALOGACIÓN
Centro catalogador/agencia de origen DO-SdBNP
Lengua de catalogación spa
Centro/agencia transcriptor BNPHU
100 1# - ENTRADA PRINCIPAL--NOMBRE DE PERSONA
Nombre de persona Compres, Luis J.
9 (RLIN) 64823
245 13 - MENCIÓN DE TÍTULO
Título La zoología /
Mención de responsabilidad, etc. Luis J. Compres.
260 ## - PUBLICACIÓN, DISTRIBUCIÓN, ETC.
Lugar de publicación, distribución, etc. Santo Domingo :
Nombre del editor, distribuidor, etc. Saturno,
Fecha de publicación, distribución, etc. [19-?].
300 ## - DESCRIPCIÓN FÍSICA
Extensión 226 p. :
Otras características físicas ils. ;
Dimensiones 22 cm.
490 1# - MENCIÓN DE SERIE
Mención de serie I.A.S
Designación de volumen o secuencia no. 3
500 ## - NOTA GENERAL
Nota general Incluye datos biográficos del autor en la solapa de la cubierta
830 #0 - PUNTO DE ACCESO ADICIONAL DE SERIE-TÍTULO UNIFORME
Título uniforme I.A.S
Número de parte o sección de la obra no. 3
9 (RLIN) 64824
Holdings
Estado de retiro Estado de pérdida No para préstamo Código de colección Localización permanente Ubicación/localización actual Ubicación en estantería Fecha de adquisición Número de inventario Total de préstamos Signatura topográfica completa Código de barras Fecha visto por última vez Precio válido a partir de Tipo de ítem Koha
    Excluido de préstamo Patrimonio Dominicano Patrimonio Dominicano Patrimonio Dominicano En catalogación 12.04.2013 LF1   38478-10 25.06.2020 25.06.2020 Libro y Folleto Colección Patrimonio Dominicano

Powered by Koha